| 000 | 00675nam a2200205Ii 4500 | ||
|---|---|---|---|
| 003 | JO-AjNU | ||
| 008 | 230606s9999||||xx |||||||||||||| ||und|| | ||
| 020 | _a978-1-4411-1137-1/978-0-8264-1946-0 | ||
| 040 |
_aJO-AjNU _beng _erda _cJO-AjNU |
||
| 041 | _aeng | ||
| 050 | 1 | 4 | _aPE1171.H36 2011 |
| 100 | 3 |
_aتاليف Hamawand,Zeki, _eauthor _91627 |
|
| 245 | 0 | 0 | _aMorphology in English:Woeod Formation in Cognitive Grammar |
| 264 | 3 | 1 | _aLondon:Continuum,2011 |
| 300 | _a275p | ||
| 336 |
_atext _btxt _2rdacontent |
||
| 337 |
_aunmediated _bn _2rdamedia |
||
| 338 |
_avolume _bnc _2rdacarrier |
||
| 650 | 4 |
_aMorphology in English-Woeod Formation in Cognitive Grammar-Grammar _91628 |
|
| 999 |
_aE854 _c854 _d854 |
||